000 01094nam a2200313Ia 4500
005 20220317001848.0
008 170410s2013 m g 000 0 s
020 _a9786070301421
041 _aspa
082 0 4 _a121
_bF68a
100 1 _aFoucault, Michel
_d1926-1984
245 1 3 _aLa arqueología del saber
_cMichel Foucault ; traducción de Aurelio Garzón del Camino
250 _a3a. edición, 2a reimpresión
300 _a273 páginas
_c21 cm
490 _aTeoría
500 _aIncluye datos biográficos del autor en solapa
505 _aLas regularidades discursivas -- El enunciado y el archivo -- La descripción arqueológica
650 1 4 _2LEMB
_aCognición
650 1 4 _2LEMB
_aFilosofia de la ciencia
650 1 4 _2LEMB
_aTeoría del conocimiento
650 1 4 _2LEMB
_aPsicolinguística
700 1 _aGarzón del Camino, Aurelio
_etraductor
_978075
942 _2ddc
_cBK
264 _aMéxico
_bSiglo XXI
_c2013
336 _atexto
_btxt
_2rdacontent
337 _asin mediación
_bn
_2rdamedia
338 _avolumen
_bnc
_2rdacarrier
040 _aCO-BoRNBP
_bspa
_erda
_cCO-BoRNBP
999 _c8341
_d8341